| 000 | 00742nam a2200229Ii 4500 | ||
|---|---|---|---|
| 003 | JO-AjNU | ||
| 008 | 230605s9999||||xx |||||||||||||| ||und|| | ||
| 017 | _a2015/15047 | ||
| 020 | _a978-977-722-057-6 | ||
| 040 |
_aJO-AjNU _bara _erda _cJO-AjNU |
||
| 041 | _aara | ||
| 050 | 1 | 4 | _aBF441 2018 |
| 100 | 3 |
_aالبارودي، منال, _eauthor _959771 |
|
| 245 | 0 | 0 | _aالعصف الذهني وفن صناعة الافكار |
| 250 | _aط3 | ||
| 264 | 3 | 1 | _aالقاهرة: المجموعة العربية للتدريب والنشر، 2018 |
| 300 | _a200ص | ||
| 336 |
_atext _btxt _2rdacontent |
||
| 337 |
_aunmediated _bn _2rdamedia |
||
| 338 |
_avolume _bnc _2rdacarrier |
||
| 650 | 4 |
_aالعقل-التفكير-الذاكرة _959772 |
|
| 999 |
_aA26914 _c30482 _d30482 |
||